000 00928nam a2200253 a 4500
001 000038309
003 OSt
005 20201120110928.0
008 130408s2000 dr c 000 0 spa d
020 _a9993435066
040 _aDO-SdBNP
_bspa
_cBNPHU
082 _axxxx
_bxxxx
100 1 _aVelásquez Mainardi, Miguel Angel
_964672
245 1 0 _aNuevas modalidades de la corrupción /
_cMiguel Angel Velásquez Mainardi.
260 _aSanto Domingo :
_bComisión Presidencial para la Reforma y Modernización del Estado,
_c2000.
300 _a59 p. ;
_c21 cm.
490 1 _aConversatorios de la reforma ;
_v19 ;
500 _aConversatorio realizado el 13 de enero de 1999.
590 _aInventariado, 2020/ YL
710 2 _aRepública Dominicana.
_bComisión Presidencial para la Reforma y Modernización del Estado
_97089
830 0 _aConversatorios de la reforma
_v19
_916542
910 _aYLockward
942 _2ddc
_cLBS1
999 _c37799
_d37799